[Event "Titled Tuesday intern op 16th Apr Early"]
[Site "Chess.com INT"]
[Date "2024.04.16"]
[Round "3"]
[White "Principe, Gerson"]
[Black "Vincenti, Leonardo"]
[Result "1/2-1/2"]
[WhiteElo "2158"]
[BlackElo "2209"]
[PlyCount "73"]
[EventDate "2024.04.16"]
[EventType "swiss (blitz)"]
[EventRounds "11"]
[EventCountry "USA"]
[SourceTitle "CB17_2024"]
[SourceDate "2024.04.24"]
[SourceVersion "1"]
[SourceVersionDate "2024.04.24"]
[SourceQuality "1"]

1. d4 Nf6 2. Nf3 e6 3. c4 Bb4+ 4. Bd2 Bxd2+ 5. Qxd2 0-0 6. Nc3 b6 7. g3 Bb7 8. Bg2 d6 9. 0-0 Nbd7 10. Qc2 c5 11. Rfd1 Qe7 12. d5 exd5 13. Nh4 g6 14. e3 Rab8 15. Rd2 dxc4 16. Bxb7 Rxb7 17. Rad1 d5 18. Nxd5 Nxd5 19. Rxd5 Nf6 20. Rd6 Ne4 21. R6d5 Nf6 22. R5d2 Rbb8 23. Qxc4 Rbd8 24. Nf3 Rxd2 25. Rxd2 Rd8 26. Qc2 Rd7 27. Rxd7 Qxd7 28. Nd2 Kg7 29. Qc3 Qe6 30. e4 Qxa2 31. e5 Nd5 32. Qf3 Nb4 33. Qf6+ Kg8 34. Qd8+ Kg7 35. Qf6+ Kg8 36. Qd8+ Kg7 37. Qf6+ 1/2-1/2

[Event "Titled Tuesday intern op 16th Apr Early"]
[Site "Chess.com INT"]
[Date "2024.04.16"]
[Round "1"]
[White "Vincenti, Leonardo"]
[Black "Shapiro, Viktor"]
[Result "1-0"]
[WhiteElo "2209"]
[BlackElo "2113"]
[PlyCount "82"]
[EventDate "2024.04.16"]
[EventType "swiss (blitz)"]
[EventRounds "11"]
[EventCountry "USA"]
[SourceTitle "CB17_2024"]
[SourceDate "2024.04.24"]
[SourceVersion "1"]
[SourceVersionDate "2024.04.24"]
[SourceQuality "1"]

1. b3 Nf6 2. Bb2 d5 3. Nf3 Bf5 4. d3 e6 5. Nbd2 h6 6. g3 Nbd7 7. Bg2 Be7 8. 0-0 0-0 9. Qe1 Bh7 10. e4 c6 11. e5 Ne8 12. Rc1 a5 13. c4 Bxd3 14. cxd5 cxd5 15. Nd4 Qb6 16. Ne2 Qa6 17. Nf4 Bxf1 18. Bxf1 Qb6 19. Nf3 Nc7 20. Bd4 Bc5 21. Bxc5 Nxc5 22. Qe3 a4 23. b4 Qxb4 24. Rxc5 Rfc8 25. Qc1 Qb6 26. Nh5 a3 27. Nf6+ gxf6 28. exf6 Qxc5 29. Qxc5 Ne8 30. Qd4 Rc1 31. Qf4 Rac8 32. Qxh6 Nxf6 33. Qxf6 R8c7 34. Qg5+ Kf8 35. Qd8+ Kg7 36. Ne5 f6 37. Ng4 Rf7 38. Qa5 e5 39. Qxa3 Rfc7 40. Qd6 d4 41. Qxf6+ Kg8 1-0

[Event "Titled Tuesday intern op 02nd Apr Early"]
[Site "Chess.com INT"]
[Date "2024.04.02"]
[Round "9"]
[White "Vincenti, Leonardo"]
[Black "Ezat, Mohamed Mahmoud"]
[Result "1/2-1/2"]
[WhiteElo "2209"]
[BlackElo "2349"]
[PlyCount "144"]
[EventDate "2024.04.02"]
[EventType "swiss (blitz)"]
[EventRounds "11"]
[EventCountry "USA"]
[SourceTitle "CB15_2024"]
[SourceDate "2024.04.10"]
[SourceVersion "1"]
[SourceVersionDate "2024.04.10"]
[SourceQuality "1"]

1. c4 Nf6 2. Nc3 e5 3. g3 Bb4 4. Bg2 0-0 5. e3 Bxc3 6. dxc3 d6 7. Ne2 a5 8. 0-0 a4 9. h3 Be6 10. c5 d5 11. f4 Nc6 12. f5 Bd7 13. g4 Qe7 14. Ng3 h6 15. e4 Qxc5+ 16. Kh1 d4 17. g5 hxg5 18. Bxg5 Nh7 19. Bd2 f6 20. Qg4 Be8 21. Ne2 a3 22. b4 Qe7 23. Bf3 dxc3 24. Nxc3 Nd4 25. Nd5 Qf7 26. Be3 c6 27. Nb6 Rd8 28. Rad1 Ng5 29. Bxg5 fxg5 30. Qxg5 Qf6 31. Qg4 Bf7 32. Rg1 Bxa2 33. Ra1 Bf7 34. Rxa3 Qh6 35. Bd1 Kh8 36. Rag3 Rg8 37. Kg2 g5 38. Rh1 c5 39. bxc5 Ra8 40. h4 Ra2+ 41. Kg1 gxh4 42. Rxh4 Rxg4 43. Rxh6+ Kg7 44. Rxg4+ Kxh6 45. Kf1 Ra1 46. Ke1 Rxd1+ 47. Kxd1 Bh5 48. Nd7 Bxg4+ 49. Kd2 Nc6 50. Ke3 Kg7 51. Nb6 Bh5 52. Nc4 Kf6 53. Nd6 Na5 54. Kd3 Bf7 55. Kc3 Ke7 56. Kb4 b6 57. Nc8+ Kd8 58. Nxb6 Nc6+ 59. Kc3 Kc7 60. Nd5+ Kd7 61. Nf6+ Ke7 62. Nd5+ Kf8 63. Kc4 Ne7 64. f6 Nxd5 65. exd5 Ke8 66. c6 Kd8 67. Kc5 e4 68. Kd4 e3 69. Kxe3 Bxd5 70. Kd4 Bxc6 71. f7 Ke7 72. f8Q+ Kxf8 1/2-1/2

[Event "Titled Tuesday intern op 02nd Apr Early"]
[Site "Chess.com INT"]
[Date "2024.04.02"]
[Round "10"]
[White "Vincenti, Leonardo"]
[Black "Munoz Pantoja, Miguel Angel"]
[Result "1-0"]
[WhiteElo "2209"]
[BlackElo "2347"]
[PlyCount "63"]
[EventDate "2024.04.02"]
[EventType "swiss (blitz)"]
[EventRounds "11"]
[EventCountry "USA"]
[SourceTitle "CB15_2024"]
[SourceDate "2024.04.10"]
[SourceVersion "1"]
[SourceVersionDate "2024.04.10"]
[SourceQuality "1"]

1. c4 g6 2. d4 Bg7 3. Nc3 c5 4. d5 Nf6 5. e4 d6 6. g3 0-0 7. Bg2 e5 8. Nge2 Ne8 9. 0-0 f5 10. exf5 gxf5 11. b3 h5 12. Bd2 h4 13. Qc1 Rf7 14. Bg5 Bf6 15. gxh4 Rg7 16. f4 exf4 17. Nxf4 Bxg5 18. hxg5 Qxg5 19. Qe3 Nf6 20. Nb5 Bd7 21. Nc7 Na6 22. Nxa8 Ng4 23. Qg3 Qh6 24. Qh3 Qf6 25. Qg3 Qh6 26. Rae1 Nb4 27. Ne6 Rg6 28. Nac7 Nd3 29. Rxf5 Nxe1 30. Rf8+ Kh7 31. Be4 Nf3+ 32. Rxf3 1-0

[Event "Titled Tuesday intern op 02nd Apr Early"]
[Site "Chess.com INT"]
[Date "2024.04.02"]
[Round "7"]
[White "Vincenti, Leonardo"]
[Black "Schoenfeld, Gabriel"]
[Result "0-1"]
[WhiteElo "2209"]
[BlackElo "1866"]
[PlyCount "136"]
[EventDate "2024.04.02"]
[EventType "swiss (blitz)"]
[EventRounds "11"]
[EventCountry "USA"]
[SourceTitle "CB15_2024"]
[SourceDate "2024.04.10"]
[SourceVersion "1"]
[SourceVersionDate "2024.04.10"]
[SourceQuality "1"]

1. e4 c6 2. d4 d5 3. e5 c5 4. c3 Nc6 5. Nf3 Bg4 6. Be2 e6 7. h3 Bxf3 8. Bxf3 Rc8 9. Be3 Qb6 10. Qd2 cxd4 11. cxd4 Bb4 12. Nc3 Na5 13. Be2 Nc4 14. Bxc4 Rxc4 15. 0-0 Ne7 16. a3 Bxc3 17. bxc3 0-0 18. Rfb1 Qc7 19. Rb3 Nc6 20. a4 Rc8 21. Rc1 Rxa4 22. h4 Na5 23. Rb5 Nc4 24. Qe2 a6 25. Rc5 Qd7 26. Rxc8+ Qxc8 27. h5 h6 28. Re1 Nxe3 29. Qxe3 Rc4 30. Rc1 b5 31. Ra1 Rxc3 32. Qd2 Rc4 33. Ra5 Qb7 34. Qa2 Rc6 35. Ra3 b4 36. Rg3 Rc3 37. Rg4 Qb6 38. Qd2 Kh7 39. Qf4 Rc7 40. Qg3 f5 41. exf6 gxf6 42. Rg8 Rc1+ 43. Kh2 Qc7 44. f4 Qf7 45. Rg6 a5 46. f5 exf5 47. Qf4 Qc7 48. Rxh6+ Kg7 49. Rg6+ Kf7 50. Qxc7+ Rxc7 51. Rg3 Rb7 52. h6 Ke6 53. Rg7 Rxg7 54. hxg7 Kf7 55. Kg3 b3 56. Kf4 b2 57. g8Q+ Kxg8 58. Kxf5 Kf7 59. g4 b1Q+ 60. Kf4 Qd3 61. g5 Qxd4+ 62. Kg3 fxg5 63. Kf3 Qf4+ 64. Kg2 g4 65. Kg1 Qf3 66. Kh2 g3+ 67. Kg1 Qf2+ 68. Kh1 Qh2# 0-1

[Event "Titled Tuesday intern op 12th Mar Late"]
[Site "Chess.com INT"]
[Date "2024.03.12"]
[Round "1"]
[White "Teimouri Yadkuri, Shahdad"]
[Black "Vincenti, Leonardo"]
[Result "1-0"]
[WhiteElo "2151"]
[BlackElo "2166"]
[PlyCount "57"]
[EventDate "2024.03.12"]
[EventType "swiss (blitz)"]
[EventRounds "11"]
[EventCountry "USA"]
[SourceTitle "CB12_2024"]
[SourceDate "2023.10.01"]
[SourceVersion "1"]
[SourceVersionDate "2023.10.01"]
[SourceQuality "1"]

1. Nf3 Nf6 2. c4 c5 3. g3 g6 4. Bg2 Bg7 5. 0-0 0-0 6. Nc3 Nc6 7. d4 cxd4 8. Nxd4 e5 9. Ndb5 a6 10. Nd6 Qc7 11. b3 Ne8 12. Ba3 Qa5 13. Bb2 Nxd6 14. Qxd6 e4 15. Rac1 Be5 16. Qd5 Qxd5 17. cxd5 Nb4 18. Bxe4 Nxa2 19. Rc2 Nb4 20. Rd2 f5 21. Bg2 d6 22. e4 fxe4 23. Nxe4 Bxb2 24. Rxb2 Nxd5 25. Nxd6 Be6 26. Re1 Rf6 27. Rxe6 Rxe6 28. Bxd5 Rae8 29. Nxe8 1-0

[Event "Titled Tuesday intern op 13th Feb Early"]
[Site "Chess.com INT"]
[Date "2024.02.13"]
[Round "3"]
[White "Seder, Mohamad"]
[Black "Vincenti, Leonardo"]
[Result "0-1"]
[WhiteElo "2077"]
[BlackElo "2085"]
[PlyCount "88"]
[EventDate "2024.02.13"]
[EventType "swiss (blitz)"]
[EventRounds "11"]
[EventCountry "USA"]
[SourceTitle "CB08_2024"]
[SourceDate "2024.02.21"]
[SourceVersion "1"]
[SourceVersionDate "2024.02.21"]
[SourceQuality "1"]

1. b3 b6 2. Bb2 Bb7 3. Nf3 Nf6 4. e3 e6 5. Be2 Be7 6. 0-0 0-0 7. c4 c5 8. d3 d6 9. Nbd2 Nbd7 10. a3 a6 11. Qc2 Qc7 12. Rfd1 Rfd8 13. Rac1 Rac8 14. Qb1 Qb8 15. e4 e5 16. Nf1 Nf8 17. Ne3 Ne6 18. Nf5 Bf8 19. g3 g6 20. Ne3 Bh6 21. Bf1 Nd4 22. Nd2 Qc7 23. Bxd4 exd4 24. Nd5 Bxd5 25. exd5 Qd7 26. Qc2 Qf5 27. Bg2 Re8 28. Re1 Ng4 29. Ne4 Bxc1 30. Qxc1 Rcd8 31. Bh3 Kg7 32. Qd1 h5 33. f3 Ne3 34. Bxf5 Nxd1 35. Rxd1 gxf5 36. Nf2 Re2 37. Kf1 Rb2 38. Re1 Rxb3 39. Re7 Rxa3 40. Ke2 Ra2+ 41. Kf1 b5 42. Nh3 Kf6 43. Rc7 bxc4 44. dxc4 Rb8 0-1

[Event "Titled Tuesday intern op 06th Feb Early"]
[Site "Chess.com INT"]
[Date "2024.02.06"]
[Round "11"]
[White "Thake, Conrad"]
[Black "Vincenti, Leonardo"]
[Result "0-1"]
[WhiteElo "1745"]
[BlackElo "2085"]
[PlyCount "100"]
[EventDate "2024.02.06"]
[EventType "swiss (blitz)"]
[EventRounds "11"]
[EventCountry "USA"]
[SourceTitle "CB07_2024"]
[SourceDate "2024.02.14"]
[SourceVersion "1"]
[SourceVersionDate "2024.02.14"]
[SourceQuality "1"]

1. e4 e6 2. b3 d6 3. Bb2 a6 4. g3 h6 5. Bg2 b6 6. Ne2 Bb7 7. 0-0 Nd7 8. d3 Ngf6 9. h3 Be7 10. f4 0-0 11. Kh2 Rb8 12. Nd2 a5 13. Nf3 Re8 14. g4 e5 15. f5 d5 16. Nxe5 Nxe5 17. Bxe5 Bd6 18. Bg3 dxe4 19. dxe4 Nxe4 20. Bxd6 Nxd6 21. Nf4 Bxg2 22. Kxg2 Qd7 23. Qf3 Ne4 24. Rad1 Qc6 25. c4 Qc5 26. Nd5 Qa3 27. Nc3 Nxc3 28. Qxc3 Re2+ 29. Rf2 Qxa2 30. Rd2 Qxd2 31. Qxd2 Rxd2 32. Rxd2 b5 33. c5 a4 34. bxa4 bxa4 35. Ra2 Ra8 36. Kf3 c6 37. Ke4 Kf8 38. Kd4 Ke7 39. Kc4 Kf6 40. h4 Ke5 41. Re2+ Kf4 42. Rg2 Kf3 43. Rg1 a3 44. g5 hxg5 45. hxg5 a2 46. Ra1 Kf4 47. f6 g6 48. Kb3 Kxg5 49. Rxa2 Rxa2 50. Kxa2 Kxf6 0-1

[Event "Titled Tuesday intern op 16th Jan Early"]
[Site "Chess.com INT"]
[Date "2024.01.16"]
[Round "11"]
[White "Melikhov, Evgeny V"]
[Black "Vincenti, Leonardo"]
[Result "1-0"]
[WhiteElo "2192"]
[BlackElo "2071"]
[PlyCount "133"]
[EventDate "2024.01.16"]
[EventType "swiss (blitz)"]
[EventRounds "11"]
[EventCountry "USA"]
[SourceTitle "CB04_2024"]
[SourceDate "2023.10.16"]
[SourceVersion "1"]
[SourceVersionDate "2023.10.16"]
[SourceQuality "1"]

1. d4 Nf6 2. c4 e6 3. Nc3 d5 4. cxd5 exd5 5. Bg5 c6 6. Qc2 Be7 7. e3 g6 8. Bd3 h6 9. Bh4 Be6 10. h3 g5 11. Bg3 Nbd7 12. Nf3 Qb6 13. Ne5 Nxe5 14. Bxe5 Rg8 15. g4 0-0-0 16. 0-0-0 Nd7 17. Bg3 Rdf8 18. Kb1 h5 19. f3 h4 20. Bh2 Nb8 21. Rc1 Na6 22. Na4 Qa5 23. a3 Re8 24. Qb3 Rd8 25. Rc3 Bd6 26. Bxd6 Rxd6 27. Rhc1 Nc7 28. Nc5 Qb6 29. Qa4 Kb8 30. Rb3 Nb5 31. Bxb5 cxb5 32. Rxb5 Qc6 33. Rxb7+ Qxb7 34. Nxb7 Kxb7 35. Rc5 Rb6 36. Rb5 Rc8 37. Rxb6+ axb6 38. Qb4 Rc7 39. Qd6 Rd7 40. Qe5 Ka6 41. Qxg5 Kb5 42. Qxh4 Kc4 43. Kc2 Rc7 44. Qf2 Kb5+ 45. Kb3 Rc4 46. h4 Bd7 47. h5 Ka5 48. Qd2+ Ka6 49. Ka2 Rc6 50. Qb4 b5 51. Qe7 Be6 52. h6 Bxg4 53. fxg4 Rxh6 54. Qxf7 Rh2 55. g5 Rg2 56. g6 b4 57. axb4 Rg3 58. g7 Rxg7 59. Qxg7 Kb5 60. Qe5 Kb6 61. Qxd5 Kc7 62. Qc5+ Kb7 63. d5 Kb8 64. d6 Ka8 65. d7 Kb7 66. d8Q Ka6 67. Qdb6# 1-0

[Event "Titled Tuesday intern op 16th Jan Early"]
[Site "Chess.com INT"]
[Date "2024.01.16"]
[Round "8"]
[White "Vincenti, Leonardo"]
[Black "Derjabin, Ilja"]
[Result "0-1"]
[WhiteElo "2071"]
[BlackElo "2333"]
[PlyCount "148"]
[EventDate "2024.01.16"]
[EventType "swiss (blitz)"]
[EventRounds "11"]
[EventCountry "USA"]
[SourceTitle "CB04_2024"]
[SourceDate "2023.10.16"]
[SourceVersion "1"]
[SourceVersionDate "2023.10.16"]
[SourceQuality "1"]

1. e4 c5 2. Nf3 d6 3. Bb5+ Bd7 4. Bxd7+ Qxd7 5. 0-0 g6 6. c3 Bg7 7. d4 Nf6 8. Re1 0-0 9. h3 Nc6 10. e5 dxe5 11. dxe5 Qxd1 12. Rxd1 Ne4 13. Re1 f5 14. exf6 Nxf6 15. Bg5 h6 16. Bh4 g5 17. Bg3 Nh5 18. Bh2 Nf4 19. Bxf4 Rxf4 20. Nbd2 Rd8 21. Re6 Kf7 22. Rae1 Bf6 23. R6e2 Ra4 24. a3 Rd3 25. Ne4 b6 26. Nxf6 exf6 27. Re6 Rxf3 28. gxf3 Ne5 29. R1xe5 fxe5 30. Rxe5 Rf4 31. Kg2 Rf6 32. Rd5 a5 33. Rd7+ Ke6 34. Rd3 Kf5 35. Re3 Rd6 36. Re2 Rd3 37. Kg3 h5 38. Kg2 h4 39. Rc2 a4 40. Re2 Rd1 41. Re4 Rb1 42. Re2 b5 43. Rd2 Ke5 44. Re2+ Kd5 45. Kh2 Kc4 46. Re5 Rxb2 47. Rxg5 Rxf2+ 48. Kg1 Rxf3 49. Rg4+ Kxc3 50. Rxh4 b4 51. axb4 cxb4 52. Rh8 a3 53. Rc8+ Kb2 54. h4 Rh3 55. Rc4 b3 56. Kg2 Rxh4 57. Rxh4 a2 58. Ra4 a1Q 59. Rxa1 Kxa1 60. Kf3 b2 61. Ke2 b1Q 62. Kd2 Qb8 63. Ke3 Qa8 64. Kd2 Qc8 65. Kd3 Kb2 66. Kd2 Qd7+ 67. Ke3 Kc3 68. Ke4 Qe6+ 69. Kf4 Kd3 70. Kg5 Qf7 71. Kg4 Ke4 72. Kg5 Qg7+ 73. Kh4 Kf4 74. Kh3 Qg3# 0-1

[Event "Titled Tuesday intern op 16th Jan Early"]
[Site "Chess.com INT"]
[Date "2024.01.16"]
[Round "6"]
[White "Vincenti, Leonardo"]
[Black "Ovezdurdiyeva, Jemal"]
[Result "0-1"]
[WhiteElo "2071"]
[BlackElo "2057"]
[PlyCount "54"]
[EventDate "2024.01.16"]
[EventType "swiss (blitz)"]
[EventRounds "11"]
[EventCountry "USA"]
[SourceTitle "CB04_2024"]
[SourceDate "2023.10.16"]
[SourceVersion "1"]
[SourceVersionDate "2023.10.16"]
[SourceQuality "1"]

1. e4 d6 2. d4 Nf6 3. Nc3 g6 4. Be3 c6 5. f3 b5 6. Qd2 h5 7. h4 b4 8. Nce2 a5 9. Nh3 Bg7 10. Ng5 Nbd7 11. Nf4 0-0 12. Nxg6 fxg6 13. Ne6 Qb6 14. d5 c5 15. Nxg7 Kxg7 16. Bh6+ Kf7 17. Bxf8 Nxf8 18. Be2 Ba6 19. g4 c4 20. Qf4 Kg7 21. gxh5 Nxh5 22. Qg5 c3 23. Bxa6 cxb2 24. Rb1 Qxa6 25. Rg1 Qc4 26. Qxe7+ Kg8 27. Qxd6 Qc3+ 0-1

[Event "Titled Tuesday intern op 19th Dec Early"]
[Site "Chess.com INT"]
[Date "2023.12.19"]
[Round "7"]
[White "Vincenti, Leonardo"]
[Black "Porozhniak, Maya"]
[Result "1/2-1/2"]
[WhiteElo "2039"]
[BlackElo "1856"]
[PlyCount "140"]
[EventDate "2023.12.19"]
[EventType "swiss (blitz)"]
[EventRounds "11"]
[EventCountry "USA"]
[SourceTitle "CB52_2023"]
[SourceDate "2023.12.27"]
[SourceVersion "1"]
[SourceVersionDate "2023.12.27"]
[SourceQuality "1"]

1. e4 c5 2. Nf3 e6 3. c4 Nc6 4. d4 cxd4 5. Nxd4 Nf6 6. Nc3 Bb4 7. Nxc6 dxc6 8. Qxd8+ Kxd8 9. e5 Ne4 10. a3 Bxc3+ 11. bxc3 Nxc3 12. a4 Ne4 13. Be3 h6 14. h4 b6 15. a5 Rb8 16. axb6 axb6 17. Ra7 Bd7 18. Be2 Nc5 19. 0-0 Ke7 20. Rd1 Rhd8 21. Bf3 Ke8 22. Bxc5 bxc5 23. Rdxd7 Rxd7 24. Bxc6 Rbd8 25. Ra5 Ke7 26. Bxd7 Rxd7 27. Rxc5 Rd1+ 28. Kh2 g5 29. hxg5 hxg5 30. Rc7+ Kf8 31. c5 Rd5 32. c6 Rxe5 33. Rb7 Kg7 34. c7 Rc5 35. Rb5 Rxc7 36. Rxg5+ Kf6 37. Rg3 Rc4 38. Rf3+ Ke7 39. Kg3 f5 40. Rf4 Rc3+ 41. f3 Kf6 42. Ra4 Rc2 43. Ra6 Re2 44. Rb6 Kg5 45. Rb8 Kf6 46. Rf8+ Ke5 47. Re8 Kd4 48. Rd8+ Kc3 49. Re8 Kd2 50. Kf4 Ke1 51. g4 fxg4 52. fxg4 Kd2 53. g5 Kd3 54. g6 Rf2+ 55. Kg3 Rf1 56. Kg2 Rf6 57. Rg8 Ke3 58. g7 Rg6+ 59. Kh3 e5 60. Kh4 e4 61. Kh5 Rg1 62. Kh6 Ke2 63. Re8 e3 64. g8Q Rxg8 65. Rxg8 Kf2 66. Rf8+ Ke1 67. Re8 e2 68. Kg5 Kd1 69. Kf4 e1Q 70. Rxe1+ Kxe1 1/2-1/2

[Event "Titled Tuesday intern op 12th Dec Early"]
[Site "Chess.com INT"]
[Date "2023.12.12"]
[Round "5"]
[White "Filipovic, Slobodan J"]
[Black "Vincenti, Leonardo"]
[Result "0-1"]
[WhiteElo "2189"]
[BlackElo "2039"]
[PlyCount "76"]
[EventDate "2023.12.12"]
[EventType "swiss (blitz)"]
[EventRounds "11"]
[EventCountry "USA"]
[SourceTitle "CB51_2023"]
[SourceDate "2023.12.20"]
[SourceVersion "1"]
[SourceVersionDate "2023.12.20"]
[SourceQuality "1"]

1. c4 e6 2. Nf3 d5 3. b3 Be7 4. Bb2 Bf6 5. d4 Ne7 6. Nc3 c6 7. e4 dxe4 8. Nxe4 Nd7 9. Nd6+ Kf8 10. Bd3 c5 11. 0-0 cxd4 12. Nxc8 Rxc8 13. Bxd4 Bxd4 14. Nxd4 Nc5 15. Bc2 a6 16. Re1 g6 17. b4 Nd7 18. Rxe6 Rxc4 19. Bb3 Rxd4 20. Qxd4 fxe6 21. Qxh8+ Ng8 22. Rd1 Qe7 23. Qd4 Ngf6 24. Qxd7 Nxd7 25. Re1 Qxb4 26. Rxe6 Nc5 27. Re3 Nxb3 28. axb3 b5 29. g3 a5 30. Rf3+ Kg7 31. h4 a4 32. bxa4 bxa4 33. Re3 a3 34. Rd3 a2 35. Rd7+ Kf6 36. Ra7 Qb1+ 37. Kh2 a1Q 38. Rxh7 Qh1# 0-1

[Event "Titled Tuesday intern op 12th Dec Early"]
[Site "Chess.com INT"]
[Date "2023.12.12"]
[Round "7"]
[White "Vincenti, Leonardo"]
[Black "Hrebenshchykova, Yelyzaveta"]
[Result "0-1"]
[WhiteElo "2039"]
[BlackElo "2279"]
[PlyCount "86"]
[EventDate "2023.12.12"]
[EventType "swiss (blitz)"]
[EventRounds "11"]
[EventCountry "USA"]
[SourceTitle "CB51_2023"]
[SourceDate "2023.12.20"]
[SourceVersion "1"]
[SourceVersionDate "2023.12.20"]
[SourceQuality "1"]

1. e4 c5 2. Nf3 e6 3. d4 cxd4 4. Nxd4 Nc6 5. Nc3 Qc7 6. Be3 a6 7. g3 b5 8. Bg2 Bb7 9. 0-0 Nf6 10. Nxc6 Bxc6 11. Qd3 b4 12. Ne2 e5 13. f4 Ng4 14. fxe5 Nxe3 15. Qxe3 Qxe5 16. Nd4 Bc5 17. Rad1 0-0 18. Rf5 Qe7 19. Kh1 Bb7 20. Rh5 d6 21. Qf4 Rae8 22. Nf5 Qf6 23. Rg5 g6 24. Qh4 Qxb2 25. Qh6 Bxe4 26. Bxe4 Rxe4 27. Nh4 Qg7 28. Nf5 Qxh6 29. Nxh6+ Kg7 30. Rg4 Re2 31. Nf5+ Kf6 32. Nxd6 Rd8 33. Ne4+ Rxe4 34. Rf1+ Ke5 35. Rg5+ f5 36. g4 Rf4 37. Re1+ Kf6 38. h4 Rxg4 39. Rxg4 fxg4 40. Rf1+ Ke5 41. Rf7 Rd2 42. Rxh7 g3 43. Re7+ Kf4 0-1

[Event "ITA-ch U20 82nd"]
[Site "Brescia"]
[Date "2023.12.09"]
[Round "7"]
[White "Bin Suhayl, Ieysaa"]
[Black "Vincenti, Leonardo"]
[Result "1-0"]
[WhiteElo "2238"]
[BlackElo "2039"]
[PlyCount "53"]
[EventDate "2023.12.03"]
[EventType "tourn"]
[EventRounds "7"]
[EventCountry "ITA"]
[SourceTitle "CB50_2023"]
[SourceDate "2023.12.13"]
[SourceVersion "1"]
[SourceVersionDate "2023.12.13"]
[SourceQuality "1"]

1. b3 e5 2. Bb2 Nc6 3. e3 d5 4. Bb5 Bd6 5. f4 Qh4+ 6. g3 Qe7 7. Nf3 f6 8. Nc3 d4 9. exd4 exd4+ 10. Ne2 Bh3 11. Nfxd4 0-0-0 12. Nxc6 Qe4 13. Nxa7+ Kb8 14. Rg1 Bg4 15. d4 Bb4+ 16. c3 Bxe2 17. Bxe2 Rxd4 18. Qc1 Nh6 19. Nb5 Rd3 20. cxb4 c6 21. Qc4 Qe3 22. Qxd3 Qxg1+ 23. Kd2 Qxh2 24. Qd6+ Ka8 25. Nc7+ Ka7 26. Bd4+ b6 27. Qxc6 1-0